| 000 | 00322 a2200133 4500 | ||
|---|---|---|---|
| 001 | 57890 | ||
| 082 | _a358.414 ACD | ||
| 090 |
_c35500 _d35500 |
||
| 245 | _aAir operations | ||
| 260 |
_aRisalpur _bPAF Academy _c1994 |
||
| 300 |
_a53 p. _bphotocopy |
||
| 500 | _aBE textbook Aerospace | ||
| 610 | _aPAF Academy Risalpur | ||
| 942 |
_aNUST-CAE _k358.414 ACD |
||
| 999 |
_c292963 _d292963 |
||